NBA Daily Trivia #6 - Statistics

General Stats
  • This quiz has been taken 97 times
  • The average score is 7 of 10
Answer Stats
Picture Answer % Correct
Kevin Durant
97%
LeBron James
86%
Russell Westbrook
83%
James Harden
78%
Stephen Curry
71%
Chris Paul
68%
Damian Lillard
57%
DeMar DeRozan
53%
Giannis Antetokounmpo
47%
Paul George
34%
No matching quizzes found
Score Distribution
Percent of People with Each Score
Percentile by Number Answered
Your Score History
You have not taken this quiz